Normal view
MARC view
Entry Personal Name
001 - CONTROL NUMBER
- control field: 634626
003 - CONTROL NUMBER IDENTIFIER
- control field: OSt
005 - DATE AND TIME OF LATEST TRANSACTION
- control field: 20221005124040.0
008 - FIXED-LENGTH DATA ELEMENTS
- fixed length control field: 221005|| aca||aabn | a|a d
040 ## - CATALOGING SOURCE
- Original cataloging agency: OSt
- Transcribing agency: OSt
100 ## - HEADING--PERSONAL NAME
- Personal name: Krishnakutty K.V. Tr
670 ## - SOURCE DATA FOUND
- Source citation: Work cat.: (OSt)1049304: Vajpai Bhagavathi Prasad Au. 634625, Maruppachayum mareechikayum, 1966
